Marvel Comics: Members of the X-Club by Picture - Statistics

General Stats
  • This quiz has been taken 29 times
  • The average score is 4 of 8
Answer Stats
Picture Answer % Correct
Angel
100%
Beast
100%
Psylocke Elizabeth Braddock
72%
Danger
32%
Doctor Nemesis
28%
Kavita Rao
12%
Madison Jeffries
12%
Yuriko Takiguchi
4%
No matching quizzes found
Score Distribution
Percent of People with Each Score
Percentile by Number Answered
Your Score History
You have not taken this quiz